| 000 | 00988nam a2200241 a 4500 | ||
|---|---|---|---|
| 001 | 54981 | ||
| 003 | BD-RjUL | ||
| 005 | 20211209080210.0 | ||
| 008 | 161113s1998 xxu||||| |||| 00| 0 ben d | ||
| 020 |
_a98441000 _c: TK 200.00 |
||
| 035 | _a(BD-RjUL)55103 | ||
| 040 |
_aBD-RjUL _beng/ben _cBD-RjUL |
||
| 041 | _aben | ||
| 082 |
_223 _a320.95492 _bBAG V-1 1998 |
||
| 245 | 0 | 0 |
_aবাংলাদেশ: _bরাজনীতির ২৫ বছর / _cসম্পাদনা তারেক শামসুর রেহমান. |
| 260 |
_aঢাকা : _bমাওলা ব্রাদার্স, _c১৯৯৮ |
||
| 300 |
_a খণ্ড. ; _c২১ সেমি. |
||
| 505 | 0 | _aখণ্ড ১ -- | |
| 650 |
_aরাজনীতি _vইতিহাস _zবাংলাদেশ _9230223 |
||
| 650 |
_aPolitics _vHistory _zBangladesh _9230224 |
||
| 700 |
_aরেহমান, তারেক শামসুর, সম্পাদক _9163936 |
||
| 942 |
_2ddc _cBK |
||
| 999 |
_c54981 _d54981 |
||